| 000 | 01494nas a2200373 c 4500 | ||
|---|---|---|---|
| 001 | 25942 | ||
| 003 | ES-MaCES | ||
| 005 | 20250327142901.0 | ||
| 008 | 031110c2001 sp tn p 0 z0spa d | ||
| 017 |
_aM 42536-2001 _bDL |
||
| 022 | _a1889-4135 | ||
| 035 | _aCES20030000066p | ||
| 040 |
_aES-MaCES _bspa _cES-MaCES |
||
| 245 | 0 | 0 |
_aGaceta sindical _b: reflexion y debate |
| 260 |
_aMadrid _bConfederación Sindical de Comisiones Obreras _c2001- |
||
| 300 |
_av. _c24 cm |
||
| 310 | _aIrregular | ||
| 362 | 0 | _aN. 1 (oct. 2001)- | |
| 500 | _aCerrada la suscripción de la ed. impresa, continua ed. electrónica | ||
| 500 | _aCada n. tiene ISBN | ||
| 541 | _cGratuito | ||
| 650 | 4 |
_aempleo _928299 |
|
| 650 | 4 |
_928369 _arelaciones laborales |
|
| 653 | 1 | 0 | _aRelaciones laborales-Empleo |
| 710 | 2 |
_aComisiones Obreras _eed. _92105 |
|
| 780 | 0 | 1 |
_tGaceta sindical _w(ES-MaCES)25174 |
| 853 | 2 | 1 |
_bn. _iaño _vc _wf |
| 856 |
_uhttps://www.ccoo.es/cms.php?cd_cms_pag=12855&cd_cms_elcon_from=&cd_cms_elconmaster_to=37&cd_cms_conte=28731&opc_id=2899eca63cd415182a14b0ea26cd5d2t&opc_id_prin=2f6265f7450466813ea62da04a9e99d8 _ytexto completo desde n. 01 (2001), con embargo del último n. publicado |
||
| 866 | 0 |
_a2020- _zUbicación: DEPÓSITO - 55/983 |
|
| 905 |
_1Boletín B _kSÍ _nGacSin _pA |
||
| 942 |
_2CES _cCR _h2.0. |
||
| 999 |
_c25942 _d25942 |
||